00595nam a2200205Ia 4500003000900000008004100009040001300050040001300063041000800076100001800084245003600102250001000138260000900148300001100157300001000168490000600178942000700184999001700191952018100208IT-RoPAU120407s9999 xx 000 0 und d aIT-RoPAU cIT-RoPAU aita aSilvio Romani aSumma juris canonici lineamenta aRoma  c1939 a328 p. c27 cm v1 cBK c32697d32697 00102ddc406262_40000000000000071aPAULUSbPAULUSd2012-04-11l0o262.40r2012-04-11 00:00:00w2012-04-11yBKzInserito da: In data: n.d. fondo: Via A.Severo 56 Progr:34257